000 00616nam a2200217Ia 4500
003 OSt
005 20220926042944.0
006 a|||||r|||| 00| 0
007 ta
008 220923b |||||||| |||| 00| 0 eng d
037 _cGeneral Book
040 _aRTL
_cRTL
_beng
041 _2eng
_aeng
082 _aX651:515.73.N36<--M90, K5
100 _aCowing Cedric B
_9347010
245 0 _aPopulist, plungers, and progressives
_b A social hi
260 _c1965
650 _aStock Exchange
942 _hX651:515.73.N36<--M90, K5
_cGB
_2CC
999 _c671030
_d671030